00486 a2200169 4500003000500000005001700005040000900022082001000031100002700041245005000068260003900118300001000157650001700167942001200184999001900196952010100215Nust20170207153127.0 cNust a297.5 aAslahi,Muhammad yousaf aAsan fiqhabvol : 1c Muhammad Yousaf Islahi alahorebIslamic publicationsc2003 a463:p aIslamic life 2ddccBK c179460d179460 00102ddc40708NFICaMCSbMCSd2016-12-12l0o297.5 ISLpMCS31392r2016-12-08w2016-12-12yBK